| 000 | 00939nam a22002417a 4500 | ||
|---|---|---|---|
| 003 | OSt | ||
| 005 | 20250728091651.0 | ||
| 008 | 250728b |||||||| |||| 00| 0 eng d | ||
| 020 | _a978-621-8386-02-0 | ||
| 040 |
_aDWC-Main Lib _cOC |
||
| 082 | _aFil. 657.45 A861a 2023 | ||
| 100 | _aAsuncion, Darrell Joe | ||
| 245 |
_aAuditing and assurance : concepts and applications part 2 : _ba guide in applying auditing procedures to specific accounts of the financial statements/ _cDarrell Joe Asuncion [and two others] |
||
| 250 | _a2023-2024 edition | ||
| 260 |
_aManila, Philippines : _bReal Excellence Publishing, _cc2023. |
||
| 300 |
_axiii, 877-1666 pages : _billustrations ; _c23cm. |
||
| 504 | _aIncludes bibliographic references. | ||
| 650 | _a1. Accounting. | ||
| 650 | _a2. Auditing and assurance. | ||
| 700 | _aEscala, Raymund Francis A. | ||
| 700 | _aNgina, Alyson B. | ||
| 942 |
_2ddc _cBK - FIL _e2023-2024 edition _kFil. _n0 |
||
| 999 |
_c3852 _d3852 |
||